000 00378nam a22001097a 4500
082 _a89.433/TIW/N
100 _aतिवारी,अमोल आनंद
_983689
245 _aमायालोक AI का कल्कि स्‍वरूप
260 _aभोपाल
_bमंजुल कथाकार
_c2025
650 _aउपन्‍यास
942 _cHIN
999 _c68637
_d68637